USA States - Map Quiz - Statistics

General Stats
  • This quiz has been taken 136 times
  • The average score is 30 of 50
Answers on the Map
Answers color-coded by a green-red scale on the quiz's map according to % correct below.
 
Answer Stats
Answer % Correct
Alaska
84%
California
81%
Florida
78%
Arizona
74%
Texas
71%
Hawaii
71%
Alabama
67%
New Mexico
67%
Michigan
67%
South Dakota
67%
Washington
67%
North Dakota
66%
Colorado
64%
New York
64%
Idaho
64%
Oregon
62%
Nevada
62%
Wyoming
62%
Connecticut
60%
Montana
60%
North Carolina
59%
Pennsylvania
59%
Maine
59%
Tennessee
59%
Arkansas
57%
Delaware
57%
Louisiana
57%
Kentucky
57%
Rhode Island
57%
Minnesota
55%
Ohio
55%
South Carolina
55%
Utah
55%
Vermont
55%
West Virginia
55%
Mississippi
53%
Nebraska
53%
Oklahoma
53%
Georgia
53%
Illinois
53%
Virginia
53%
Massachusetts
52%
Maryland
52%
Wisconsin
52%
New Hampshire
50%
New Jersey
50%
Kansas
48%
Iowa
47%
Missouri
47%
Indiana
41%
No matching quizzes found
Score Distribution
Percent of People with Each Score
Percentile by Number Answered
Your Score History
You have not taken this quiz